| 000 | 02402nam0a2200481 4500 | ||
|---|---|---|---|
| 001 | RU\NLR\BIBL_A\012209711 | ||
| 005 | 20250123165839.0 | ||
| 010 |
_a978-5-6042799-1-5 _91000 |
||
| 021 |
_aRU _bКН-П-19-101058 _9КН-П-19-7435 |
||
| 035 | _a(NLR Aleph) 012209711 | ||
| 035 | _a(RuMoRGB)010213468 | ||
| 090 |
_a10879926 _c10879926 |
||
| 100 | _a20200207d2019 u y0rusy50 ca | ||
| 101 | 0 | _arus | |
| 102 | _aRU | ||
| 105 | _aac||z|||001zy | ||
| 181 | 0 |
_ai _baxxe |
|
| 182 | 0 | _an | |
| 200 | 1 |
_aСемейные предания Пушкиных _f[подготовка текста и комментарий Т.И. Краснобородько _gсоставление М. А. Александрова _gвступительная статья Я.А. Гордина] |
|
| 203 |
_aТекст _bвизуальный _cнепосредственный |
||
| 210 |
_aСанкт-Петербург _cИзд-во "Пушкинского фонда" _d2019 |
||
| 215 |
_a430, [2] с. _cил. _d21 |
||
| 225 | 1 | _aФамильные бумаги Пушкиных-Ганнибалов | |
| 225 | 1 | _aМир Пушкина | |
| 320 | _aБиблиогр. в тексте коммент.: с. 375-425 | ||
| 320 | _aУказ. имен: с. 426-431 | ||
| 333 | _a16+ | ||
| 600 | 1 |
_aПушкин _bА.С. _gАлександр Сергеевич _f1799 - 1837 _xРодословная _2nlr_sh1 _2nlr_sh2 _3RU\NLR\AUTH\661274792 |
|
| 600 | 1 |
_aПушкин _bА.С. _gАлександр Сергеевич _f1799 - 1837 _jВоспоминания, записки и т.п _2nlr_sh1 _2nlr_sh2 _3RU\NLR\AUTH\66143362 |
|
| 686 | 2 | _aШ5(2=Р)51-4Пушкин21 | |
| 686 | 2 | _aШ5(2=Р)51-4Пушкин14 | |
| 702 | 1 |
_aКраснобородько _bТ. И. _gТатьяна Ивановна _4220 |
|
| 702 | 1 |
_aГордин _bМ. А. _f1941-2018 _gМихаил Аркадьевич _3RU\NLR\AUTH\7746744 _4220 |
|
| 702 | 1 |
_aПушкин _bА. С. _cпоэт _f1799-1837 _gАлександр Сергеевич _3RU\NLR\AUTH\77386 _4570 |
|
| 722 |
_aПушкины _cрод _f14-20 вв. _3RU\NLR\AUTH\779008 |
||
| 942 | _cBOOK | ||
| 980 | _aGENEAL02 | ||
| 980 | _aNBR | ||
| 980 | _aNB | ||